000 00640nam a22002177a 4500
003 BUBTL
008 220510b ||||| |||| 00| 0 eng d
020 _a9780521078528
082 _a346/ C8315s/ 1971
100 _92450
_a Coulson, N. J.
245 _aSuccession in the Muslim Family /
_cN. J. Coulson
250 _a1st Edn.
260 _aCambridge:
_bCambridge University Press,
_cc1971
300 _a287 p.:
_c22 cm.
500 _aIncludes Index
505 _aSuccession in the Muslim Family, N. J. Coulson, Law
650 0 _926
_aLaw
856 _k0
_l0
_yDownload
942 _2ddc
_cBK
999 _c6698
_d6698